第49回衆議院議員総選挙当選者 - Statistics

General Stats
  • This quiz has been taken 304 times
  • The average score is 108 of 465
Answer Stats
選挙区 当選者 政党 % Correct
372 広島1区 岸田文雄 自民
87%
418 福岡8区 麻生太郎 自民
83%
122 神奈川2区 菅義偉 自民
81%
382 山口4区 安倍晋三 自民
79%
111 千葉4区 野田佳彦 立民
77%
363 鳥取1区 石破茂 自民
77%
078 埼玉5区 枝野幸男 立民
72%
131 神奈川11区 小泉進次郎 自民
72%
397 香川2区 玉木雄一郎 国民
72%
052 比例東北 小沢一郎 立民
70%
135 神奈川15区 河野太郎 自民
70%
294 京都3区 泉健太 立民
70%
330 奈良2区 高市早苗 自民
70%
180 東京18区 菅直人 立民
69%
235 岐阜1区 野田聖子 自民
64%
334 和歌山3区 二階俊博 自民
64%
381 山口3区 林芳正 自民
63%
293 京都2区 前原誠司 国民
62%
068 栃木5区 茂木敏充 自民
60%
204 比例東京 山本太郎 れいわ
57%
073 群馬5区 小渕優子 自民
55%
265 三重3区 岡田克也 立民
55%
380 山口2区 岸信夫 自民
54%
371 岡山5区 加藤勝信 自民
53%
008 北海道8区 逢坂誠二 立民
53%
031 宮城5区 安住淳 立民
52%
186 東京24区 萩生田光一 自民
52%
396 香川1区 小川淳也 立民
52%
160 比例南関東 志位和夫 共産
51%
196 比例東京 海江田万里 立民
50%
240 静岡1区 上川陽子 自民
50%
041 福島3区 玄葉光一郎 立民
49%
374 広島3区 斉藤鉄夫 公明
49%
325 兵庫9区 西村康稔 自民
48%
142 比例南関東 甘利明 自民
47%
209 新潟5区 米山隆一 無所属
47%
314 大阪17区 馬場伸幸 維新
47%
024 岩手1区 階猛 立民
46%
097 比例北関東 中村喜四郎 立民
46%
032 宮城6区 小野寺五典 自民
45%
222 福井1区 稲田朋美 自民
45%
025 岩手2区 鈴木俊一 自民
44%
069 群馬1区 中曽根康隆 自民
44%
109 千葉2区 小林鷹之 自民
44%
244 静岡5区 細野豪志 無所属
44%
038 山形3区 加藤鮎子 自民
43%
110 千葉3区 松野博一 自民
43%
205 新潟1区 西村智奈美 立民
43%
365 島根1区 細田博之 自民
43%
422 佐賀1区 原口一博 立民
42%
072 群馬4区 福田達夫 自民
41%
169 東京7区 長妻昭 立民
41%
013 比例北海道 鈴木貴子 自民
40%
026 岩手3区 藤原崇 自民
40%
063 茨城7区 永岡桂子 自民
40%
165 東京3区 松原仁 立民
40%
173 東京11区 下村博文 自民
40%
223 福井2区 高木毅 自民
40%
361 比例近畿 斎藤アレックス 国民
40%
362 比例近畿 大石晃子 れいわ
40%
137 神奈川17区 牧島かれん 自民
39%
421 福岡11区 武田良太 自民
38%
002 北海道2区 松木謙公 立民
38%
059 茨城3区 葉梨康弘 自民
37%
182 東京20区 木原誠二 自民
37%
332 和歌山1区 岸本周平 国民
37%
101 比例北関東 石井啓一 公明
36%
119 千葉12区 浜田靖一 自民
36%
376 広島5区 寺田稔 自民
36%
441 鹿児島4区 森山裕 自民
36%
040 福島2区 根本匠 自民
35%
061 茨城5区 浅野哲 国民
35%
114 千葉7区 齋藤健 自民
35%
133 神奈川13区 太栄志 立民
35%
163 東京1区 山田美樹 自民
35%
170 東京8区 吉田晴美 立民
35%
193 比例東京 石原宏高 自民
35%
249 愛知2区 古川元久 国民
35%
387 比例中国 杉田水脈 自民
35%
400 愛媛2区 村上誠一郎 自民
35%
179 東京17区 平沢勝栄 自民
34%
442 沖縄1区 赤嶺政賢 共産
34%
010 北海道10区 稲津久 公明
34%
036 山形1区 遠藤利明 自民
33%
058 茨城2区 額賀福志郎 自民
33%
306 大阪9区 足立康史 維新
33%
367 岡山1区 逢沢一郎 自民
33%
406 比例四国 平井卓也 自民
33%
424 長崎1区 西岡秀子 国民
33%
001 北海道1区 道下大樹 立民
33%
011 北海道11区 石川香織 立民
33%
138 神奈川18区 山際大志郎 自民
32%
192 比例東京 長島昭久 自民
32%
271 比例東海 塩谷立 自民
32%
426 長崎3区 谷川弥一 自民
32%
016 比例北海道 中川郁子 自民
31%
045 比例東北 秋葉賢也 自民
31%
128 神奈川8区 江田憲司 立民
31%
176 東京14区 松島みどり 自民
31%
177 東京15区 柿沢未途 自民
31%
327 兵庫11区 松本剛明 自民
31%
385 比例中国 阿部俊子 自民
31%
403 高知1区 中谷元 自民
31%
423 佐賀2区 大串博志 立民
31%
039 福島1区 金子恵美 立民
30%
043 福島5区 吉野正芳 自民
30%
044 比例東北 津島淳 自民
30%
051 比例東北 寺田学 立民
30%
057 茨城1区 福島伸享 無所属
30%
062 茨城6区 国光文乃 自民
30%
149 比例南関東 桜田義孝 自民
30%
239 岐阜5区 古屋圭司 自民
30%
266 三重4区 鈴木英敬 自民
30%
329 奈良1区 馬淵澄夫 立民
30%
370 岡山4区 橋本岳 自民
30%
394 徳島1区 仁木博文 無所属
30%
412 福岡2区 鬼木誠 自民
30%
428 熊本1区 木原稔 自民
30%
434 大分3区 岩屋毅 自民
30%
012 北海道12区 武部新 自民
30%
028 宮城2区 鎌田さゆり 立民
29%
035 秋田3区 御法川信英 自民
29%
378 広島7区 小林史明 自民
29%
029 宮城3区 西村明宏 自民
28%
064 栃木1区 船田元 自民
28%
065 栃木2区 福田昭夫 立民
28%
067 栃木4区 佐藤勉 自民
28%
075 埼玉2区 新藤義孝 自民
28%
084 埼玉11区 小泉龍司 自民
28%
117 千葉10区 林幹雄 自民
28%
124 神奈川4区 早稲田夕季 立民
28%
166 東京4区 平将明 自民
28%
171 東京9区 山岸一生 立民
28%
210 新潟6区 梅谷守 立民
28%
247 静岡8区 源馬謙太郎 立民
28%
369 岡山3区 平沼正二郎 無所属
28%
379 山口1区 高村正大 自民
28%
399 愛媛1区 塩崎彰久 自民
28%
407 比例四国 後藤田正純 自民
28%
433 大分2区 衛藤征士郎 自民
28%
017 比例北海道 大築紅葉 立民
27%
023 青森3区 木村次郎 自民
27%
048 比例東北 金田勝年 自民
27%
060 茨城4区 梶山弘志 自民
27%
164 東京2区 辻清人 自民
27%
174 東京12区 岡本三成 公明
27%
206 新潟2区 細田健一 自民
27%
295 京都4区 北神圭朗 無所属
27%
331 奈良3区 田野瀬太道 自民
27%
021 青森1区 江渡聡徳 自民
26%
030 宮城4区 伊藤信太郎 自民
26%
034 秋田2区 緑川貴士 立民
26%
037 山形2区 鈴木憲和 自民
26%
042 福島4区 小熊慎司 立民
26%
053 比例東北 馬場雄基 立民
26%
079 埼玉6区 大島敦 立民
26%
086 埼玉13区 土屋品子 自民
26%
091 比例北関東 牧原秀樹 自民
26%
140 山梨2区 堀内詔子 自民
26%
167 東京5区 手塚仁雄 立民
26%
212 長野2区 下条みつ 立民
26%
225 比例北陸信越 高鳥修一 自民
26%
279 比例東海 渡辺周 立民
26%
292 京都1区 勝目康 自民
26%
326 兵庫10区 渡海紀三朗 自民
26%
364 鳥取2区 赤澤亮正 自民
26%
432 大分1区 吉良州司 無所属
26%
444 沖縄3区 島尻安伊子 自民
26%
009 北海道9区 山岡達丸 立民
26%
047 比例東北 亀岡偉民 自民
25%
199 比例東京 小野泰輔 維新
25%
263 三重1区 田村憲久 自民
25%
297 京都6区 山井和則 立民
25%
352 比例近畿 谷川とむ 自民
25%
377 広島6区 佐藤公治 立民
25%
427 長崎4区 北村誠吾 自民
25%
439 鹿児島2区 三反園訓 無所属
25%
007 北海道7区 伊東良孝 自民
25%
049 比例東北 上杉謙太郎 自民
24%
132 神奈川12区 阿部知子 立民
24%
231 比例北陸信越 篠原孝 立民
24%
250 愛知3区 近藤昭一 立民
24%
259 愛知12区 重徳和彦 立民
24%
274 比例東海 吉川赳 自民
24%
318 兵庫2区 赤羽一嘉 公明
24%
333 和歌山2区 石田真敏 自民
24%
398 香川3区 大野敬太郎 自民
24%
005 北海道5区 和田義明 自民
24%
015 比例北海道 堀井学 自民
23%
108 千葉1区 田嶋要 立民
23%
112 千葉5区 薗浦健太郎 自民
23%
113 千葉6区 渡辺博道 自民
23%
118 千葉11区 森英介 自民
23%
129 神奈川9区 笠浩史 立民
23%
185 東京23区 小倉將信 自民
23%
195 比例東京 鈴木庸介 立民
23%
208 新潟4区 菊田真紀子 立民
23%
213 長野3区 井出庸生 自民
23%
218 富山3区 橘慶一郎 自民
23%
246 静岡7区 城内実 自民
23%
296 京都5区 本田太郎 自民
23%
307 大阪10区 池下卓 維新
23%
328 兵庫12区 山口壯 自民
23%
350 比例近畿 宗清皇一 自民
23%
359 比例近畿 穀田恵二 共産
23%
416 福岡6区 鳩山二郎 自民
23%
419 福岡9区 緒方林太郎 無所属
23%
443 沖縄2区 新垣邦男 社民
23%
027 宮城1区 土井亨 自民
22%
087 埼玉14区 三ッ林裕巳 自民
22%
121 神奈川1区 篠原豪 立民
22%
162 比例南関東 多ヶ谷亮 れいわ
22%
172 東京10区 鈴木隼人 自民
22%
214 長野4区 後藤茂之 自民
22%
224 比例北陸信越 鷲尾英一郎 自民
22%
309 大阪12区 藤田文武 維新
22%
313 大阪16区 北側一雄 公明
22%
436 宮崎2区 江藤拓 自民
22%
018 比例北海道 荒井優 立民
21%
022 青森2区 神田潤一 自民
21%
100 比例北関東 青山大人 立民
21%
116 千葉9区 奥野総一郎 立民
21%
151 比例南関東 谷田川元 立民
21%
152 比例南関東 青柳陽一郎 立民
21%
168 東京6区 落合貴之 立民
21%
183 東京21区 小田原潔 自民
21%
187 東京25区 井上信治 自民
21%
191 比例東京 若宮健嗣 自民
21%
211 長野1区 若林健太 自民
21%
221 石川3区 西田昭二 自民
21%
236 岐阜2区 棚橋泰文 自民
21%
277 比例東海 中川正春 立民
21%
420 福岡10区 城井崇 立民
21%
431 熊本4区 金子恭之 自民
21%
438 鹿児島1区 宮路拓馬 自民
21%
440 鹿児島3区 野間健 立民
21%
445 沖縄4区 西銘恒三郎 自民
21%
451 比例九州 國場幸之助 自民
21%
046 比例東北 菅家一郎 自民
20%
076 埼玉3区 黄川田仁志 自民
20%
089 比例北関東 尾身朝子 自民
20%
190 比例東京 越智隆雄 自民
20%
227 比例北陸信越 泉田裕彦 自民
20%
230 比例北陸信越 近藤和也 立民
20%
368 岡山2区 山下貴司 自民
20%
415 福岡5区 堤かなめ 立民
20%
004 北海道4区 中村裕之 自民
20%
006 北海道6区 東国幹 自民
20%
055 比例東北 高橋千鶴子 共産
19%
071 群馬3区 笹川博義 自民
19%
074 埼玉1区 村井英樹 自民
19%
098 比例北関東 小宮山泰子 立民
19%
181 東京19区 末松義規 立民
19%
254 愛知7区 鈴木淳司 自民
19%
288 滋賀1区 大岡敏孝 自民
19%
317 兵庫1区 井坂信彦 立民
19%
321 兵庫5区 谷公一 自民
19%
351 比例近畿 盛山正仁 自民
19%
389 比例中国 柚木道義 立民
19%
404 高知2区 尾崎正直 自民
19%
429 熊本2区 西野太亮 無所属
19%
437 宮崎3区 古川禎久 自民
19%
456 比例九州 山田勝彦 立民
19%
066 栃木3区 簗和生 自民
18%
070 群馬2区 井野俊郎 自民
18%
115 千葉8区 本庄知史 立民
18%
125 神奈川5区 坂井学 自民
18%
127 神奈川7区 鈴木馨祐 自民
18%
136 神奈川16区 後藤祐一 立民
18%
148 比例南関東 山本朋広 自民
18%
178 東京16区 大西英男 自民
18%
188 比例東京 高木啓 自民
18%
207 新潟3区 斎藤洋明 自民
18%
215 長野5区 宮下一郎 自民
18%
229 比例北陸信越 務台俊介 自民
18%
260 愛知13区 大西健介 立民
18%
287 比例東海 田中健 国民
18%
366 島根2区 高見康裕 自民
18%
386 比例中国 高階恵美子 自民
18%
401 愛媛3区 井原巧 自民
18%
413 福岡3区 古賀篤 自民
18%
003 北海道3区 高木宏壽 自民
18%
033 秋田1区 冨樫博之 自民
17%
050 比例東北 岡本章子 立民
17%
081 埼玉8区 柴山昌彦 自民
17%
150 比例南関東 中谷一馬 立民
17%
161 比例南関東 鈴木敦 国民
17%
203 比例東京 宮本徹 共産
17%
252 愛知5区 神田憲次 自民
17%
261 愛知14区 今枝宗一郎 自民
17%
290 滋賀3区 武村展英 自民
17%
315 大阪18区 遠藤敬 維新
17%
347 比例近畿 大串正樹 自民
17%
375 広島4区 新谷正義 自民
17%
393 比例中国 空本誠喜 維新
17%
395 徳島2区 山口俊一 自民
17%
435 宮崎1区 渡辺創 立民
17%
449 比例九州 武井俊輔 自民
17%
082 埼玉9区 大塚拓 自民
16%
197 比例東京 大河原雅子 立民
16%
228 比例北陸信越 塚田一郎 自民
16%
245 静岡6区 勝俣孝明 自民
16%
289 滋賀2区 上野賢一郎 自民
16%
384 比例中国 小島敏文 自民
16%
408 比例四国 白石洋一 立民
16%
425 長崎2区 加藤竜祥 自民
16%
453 比例九州 小里泰弘 自民
16%
455 比例九州 吉川元 立民
16%
019 比例北海道 神谷裕 立民
15%
123 神奈川3区 中西健治 自民
15%
238 岐阜4区 金子俊平 自民
15%
241 静岡2区 井林辰憲 自民
15%
258 愛知11区 八木哲也 自民
15%
264 三重2区 川崎秀人 自民
15%
301 大阪4区 美延映夫 維新
15%
014 比例北海道 渡辺孝一 自民
14%
077 埼玉4区 穂坂泰 自民
14%
083 埼玉10区 山口晋 自民
14%
107 比例北関東 鈴木義弘 国民
14%
126 神奈川6区 古川直季 自民
14%
134 神奈川14区 赤間二郎 自民
14%
145 比例南関東 義家弘介 自民
14%
175 東京13区 土田慎 自民
14%
220 石川2区 佐々木紀 自民
14%
242 静岡3区 小山展弘 立民
14%
257 愛知10区 江崎鐵磨 自民
14%
269 比例東海 宮沢博行 自民
14%
383 比例中国 石橋林太郎 自民
14%
405 比例四国 山本有二 自民
14%
417 福岡7区 藤丸敏 自民
14%
430 熊本3区 坂本哲志 自民
14%
080 埼玉7区 中野英幸 自民
13%
092 比例北関東 田所嘉徳 自民
13%
120 千葉13区 松本尚 自民
13%
130 神奈川10区 田中和徳 自民
13%
139 山梨1区 中谷真一 自民
13%
153 比例南関東 中島克仁 立民
13%
184 東京22区 伊藤達也 自民
13%
194 比例東京 伊藤俊輔 立民
13%
216 富山1区 田畑裕明 自民
13%
219 石川1区 小森卓郎 自民
13%
226 比例北陸信越 国定勇人 自民
13%
237 岐阜3区 武藤容治 自民
13%
243 静岡4区 深澤陽一 自民
13%
248 愛知1区 熊田裕通 自民
13%
275 比例東海 山本左近 自民
13%
303 大阪6区 伊佐進一 公明
13%
348 比例近畿 小林茂樹 自民
13%
356 比例近畿 桜井周 立民
13%
358 比例近畿 徳永久志 立民
13%
360 比例近畿 宮本岳志 共産
13%
373 広島2区 平口洋 自民
13%
390 比例中国 湯原俊二 立民
13%
457 比例九州 稲富修二 立民
13%
465 比例九州 長友慎治 国民
13%
143 比例南関東 秋本真利 自民
12%
198 比例東京 阿部司 維新
12%
232 比例北陸信越 神津健 立民
12%
262 愛知15区 根本幸典 自民
12%
323 兵庫7区 山田賢司 自民
12%
335 比例近畿 三木圭恵 維新
12%
346 比例近畿 柳本顕 自民
12%
085 埼玉12区 森田俊和 立民
11%
090 比例北関東 野中厚 自民
11%
093 比例北関東 石川昭政 自民
11%
141 比例南関東 星野剛士 自民
11%
144 比例南関東 三谷英弘 自民
11%
189 比例東京 松本洋平 自民
11%
253 愛知6区 丹羽秀樹 自民
11%
276 比例東海 伴野豊 立民
11%
280 比例東海 牧義夫 立民
11%
291 滋賀4区 小寺裕雄 自民
11%
300 大阪3区 佐藤茂樹 公明
11%
302 大阪5区 國重徹 公明
11%
319 兵庫3区 関芳弘 自民
11%
320 兵庫4区 藤井比早之 自民
11%
322 兵庫6区 市村浩一郎 維新
11%
345 比例近畿 奥野信亮 自民
11%
357 比例近畿 森山浩行 立民
11%
402 愛媛4区 長谷川淳二 自民
11%
411 福岡1区 井上貴博 自民
11%
446 比例九州 今村雅弘 自民
11%
447 比例九州 保岡宏武 自民
11%
450 比例九州 古川康 自民
11%
452 比例九州 宮崎政久 自民
11%
454 比例九州 末次精一 立民
11%
088 埼玉15区 田中良生 自民
10%
094 比例北関東 五十嵐清 自民
10%
200 比例東京 高木陽介 公明
10%
217 富山2区 上田英俊 自民
10%
020 比例北海道 佐藤英道 公明
9%
056 比例東北 早坂敦 維新
9%
099 比例北関東 坂本祐之輔 立民
9%
106 比例北関東 塩川鉄也 共産
9%
146 比例南関東 中山展宏 自民
9%
147 比例南関東 門山宏哲 自民
9%
156 比例南関東 藤巻健太 維新
9%
202 比例東京 笠井亮 共産
9%
251 愛知4区 工藤彰三 自民
9%
267 比例東海 青山周平 自民
9%
278 比例東海 吉田統彦 立民
9%
298 大阪1区 井上英孝 維新
9%
316 大阪19区 伊東信久 維新
9%
448 比例九州 岩田和親 自民
9%
095 比例北関東 中根一幸 自民
8%
096 比例北関東 藤岡隆雄 立民
8%
104 比例北関東 沢田良 維新
8%
273 比例東海 石原正敬 自民
8%
285 比例東海 岬麻紀 維新
8%
299 大阪2区 守島正 維新
8%
308 大阪11区 中司宏 維新
8%
341 比例近畿 一谷勇一郎 維新
8%
388 比例中国 畦元将吾 自民
8%
414 福岡4区 宮内秀樹 自民
8%
233 比例北陸信越 吉田豊史 維新
7%
255 愛知8区 伊藤忠彦 自民
7%
270 比例東海 池田佳隆 自民
7%
311 大阪14区 青柳仁士 維新
7%
154 比例南関東 山崎誠 立民
6%
158 比例南関東 古屋範子 公明
6%
284 比例東海 杉本和巳 維新
6%
304 大阪7区 奥下剛光 維新
6%
305 大阪8区 漆間譲司 維新
6%
312 大阪15区 浦野靖人 維新
6%
339 比例近畿 堀場幸子 維新
6%
354 比例近畿 浮島智子 公明
6%
102 比例北関東 輿水恵一 公明
5%
155 比例南関東 金村龍那 維新
5%
272 比例東海 中川貴元 自民
5%
342 比例近畿 前川清成 維新
5%
355 比例近畿 鰐淵洋子 公明
5%
054 比例東北 庄子賢一 公明
4%
201 比例東京 河西宏一 公明
4%
256 愛知9区 長坂康正 自民
4%
281 比例東海 大口善徳 公明
4%
324 兵庫8区 中野洋昌 公明
4%
336 比例近畿 和田有一朗 維新
4%
337 比例近畿 住吉寛紀 維新
4%
338 比例近畿 掘井健智 維新
4%
343 比例近畿 池畑浩太朗 維新
4%
349 比例近畿 田中英之 自民
4%
353 比例近畿 竹内譲 公明
4%
410 比例四国 吉田知代 維新
4%
463 比例九州 山本剛正 維新
4%
268 比例東海 石井拓 自民
3%
282 比例東海 伊藤渉 公明
3%
283 比例東海 中川康洋 公明
3%
286 比例東海 本村伸子 共産
3%
310 大阪13区 岩谷良平 維新
3%
340 比例近畿 遠藤良太 維新
3%
344 比例近畿 赤木正幸 維新
3%
392 比例中国 日下正喜 公明
3%
460 比例九州 金城泰邦 公明
3%
462 比例九州 阿部弘樹 維新
3%
464 比例九州 田村貴昭 共産
3%
105 比例北関東 高橋英明 維新
2%
157 比例南関東 浅川義治 維新
2%
159 比例南関東 角田秀穂 公明
2%
234 比例北陸信越 中川宏昌 公明
2%
391 比例中国 平林晃 公明
2%
459 比例九州 吉田宣弘 公明
2%
461 比例九州 吉田久美子 公明
2%
103 比例北関東 福重隆浩 公明
1%
409 比例四国 山崎正恭 公明
1%
458 比例九州 浜地雅一 公明
1%
No matching quizzes found
Score Distribution
Percent of People with Each Score
Percentile by Number Answered
Your Score History
You have not taken this quiz